00714nam a2200205 a 450000100100000000500170001000800410002704000250006808200240009310000430011724500490016025000110020926001080022030000210032850000640034965000140041365000210042765000250044871000350047300001533020200929164020.0100205s2005 dr 001 0 spa d aDO-SdBNPbspacBNPHU a303.34bG643l, 20051 aGonzález Díaz, Nestor Julio,d192710aLiderazgo /cNestor Julio González Díaz. a2a ed. aSanto Domingo :bComisión Permanente para la Reforma y Modernización de las Fuerzas Armadas,c2005. a221 p. ;c22 cm. aIncluye datos biográficos del autor en la contracubierta. 4aLiderazgo 4aAptitud de mando 4aPsicología militar1 aInternational Consulting Group